| 000 | 01797nam a22002417a 4500 | ||
|---|---|---|---|
| 999 |
_c22062 _d22062 |
||
| 003 | AR-CdUCM | ||
| 008 | 190429b ||||| |||| 00| 0 spa d | ||
| 040 |
_aMUNICIPALIDAD PROVINCIAL DEL CUSCO _cBIBLIOTECA MUNICIPAL DEL CUSCO |
||
| 082 | _aRijchariy/N°3/1967 | ||
| 245 |
_aRijchariy : _brevista cultural / _cCesar Lomellini Carenzi, director |
||
| 260 |
_aCusco : _bRijchariy, _c1967. |
||
| 300 |
_a48 páginas. : _bimágenes ; _c24 cm. |
||
| 440 |
_aRijchariy revista cultural. _nN°3, 1967 _947325 |
||
| 500 | _aCuaderno de arte y literatura del grupo cultural Rijch´ariy. | ||
| 505 | _aContenido: El congreso peruano de lengua quechua. Tarquino Guevara. -- Arte y Ciencia. Pablo Ojeda. -- A propósito del 4to salón de pintura contemporánea cuzqueña. Raúl Brozovich. -- Juan Machicado expone monocopias. -- Documentos creación de la academia de lengua quechua en el Cuzco. -- Frases proyectadas. -- Alcoholismo y miseria. -- Poetas del Perú Luis Nieto nuevo canto libertador a Cuzco. -- Tiempos buenos. Néstor Rivera Mariátegui. -- Dos poetas disimiles. -- Extensión universitaria y su labor en el área rural. -- Conspiración del Alma. -- Cine. Rumiñaui. -- Las afecciones bucodentales en el aborigen del Cuzco. Luis Dávila Negrón. -- Historia de un fracmento de cerámica. Alfredo Valencia. -- Reportaje de bolsillo visión del hombre y del universo en las últimas obras de César Vallejo. -- Justo Bejar. -- Concejo Provincial del Cuzco. Premio municipal de fomento a la cultura cuzqueña en homenaje a las fiestas patrias, bases. | ||
| 650 |
_aPoesía cusqueña _92323 |
||
| 650 |
_aLiteratura cusqueña _947323 |
||
| 650 |
_aCine cusqueño _946144 |
||
| 700 |
_aBrozovich, Raúl _947254 |
||
| 700 |
_aBaush Bedoya, Germán _947324 |
||
| 942 |
_2ddc _cPP |
||
| 945 | _arac | ||